| 000 | 00939nam a22003137a 4500 | ||
|---|---|---|---|
| 001 | 033 | ||
| 003 | DO-SdBNP | ||
| 005 | 20180220151030.0 | ||
| 007 | 033 | ||
| 008 | 151005b 1993 sp a 00| 0 spa d | ||
| 020 | _a8434822091 | ||
| 040 |
_aBPMSU _bspa _cBPMSU |
||
| 092 |
_aXXXX _bXXXX |
||
| 100 | 1 | _aBaquedano, Lucía | |
| 245 | 1 | 0 |
_aFantasmas de día / _cLucía Baquedano ; ilustración Tino Gatagán ; dirección de la colección Marinella Terzi |
| 250 | _a10a. ed. | ||
| 260 |
_aMadrid : _bEdiciones SM, _c1993. |
||
| 300 |
_a93 p. : _bil. ; _c19 cm. |
||
| 490 | 1 |
_aEl barco de vapor _aSerie Naranja _v44 |
|
| 521 | 1 | _aA partir de los 9 años | |
| 586 | _aPremio El barco de vapor, 1986 | ||
| 700 | 1 | 2 |
_aGatagán, Tino _eil. |
| 700 | 1 | 2 |
_aTerzi, Marinella _edir. colección |
| 830 | 0 |
_aBarco de vapor _n44 _pSerie Naranja |
|
| 910 | _a202 | ||
| 942 |
_2ddc _cBK |
||
| 945 | _aInventariado, 2018/ YL | ||
| 956 |
_aYLOCKWARD _b10 _cBPMSU |
||
| 999 |
_c8353 _d8353 |
||